00515nam a2200145Ia 4500008004100000020001800041041000800059082001600067100001300083245006400096260005700160700001900217999001900236952011400255230627s9999 xx 000 0 und d a81-7534-031-2 amar a347.09bRAO aRao P.C  aAlternative Dispute Resolution: What It Is And How It Works aDelhibUniversity Law Publishing Co. Pvt. Ltd.c1997 a Sheffield W., c685045d685045 011040708LLBaNLPbNLPd2001-03-31g350.00l0o347.09 RAOpNLP-N05428r2023-07-17 00:00:00w2023-07-17yBK